000 01112cam a2200289 i 4500
001 3606208
003 EG-ScBUE
005 20250522135923.0
008 720630s1972 enka f b 001 0 eng d
020 _a0521083826
040 _aEG-ScBUE
_beng
_erda
_cEG-ScBUE
_dEG-ScBUE
082 0 4 _a530.41
_222
_bZIM
100 1 _aZiman, J. M.
_q(John M.),
_d1925-
_96730
_eauthor.
245 1 0 _aPrinciples of the theory of solids /
_cby J. M. Ziman, F.R.S., Melville Wills professor of physics in the University of Bristol.
250 _aSecond edition.
264 1 _aCambridge :
_bUniversity Press,
_c1972.
300 _axiii, 435 pages :
_billustrations ;
_c24 cm
336 _2rdacontent
_atext
_btxt
337 _aunmediated
_2rdamedia
_bn
338 _avolume
_bnc
_2rdacarrier
504 _aIncludes bibliographical references and index.
650 7 _aSolid state physics.
_96731
_2BUEsh
655 _vReading book
856 4 2 _3Publisher description
_uhttp://www.loc.gov/catdir/description/cam032/72080250.html
856 4 1 _3Table of contents
_uhttp://www.loc.gov/catdir/toc/cam032/72080250.html
942 _2ddc
_cBB
999 _c11972
_d11972